[Event "Olimpiade 2022 - Open"]
[Site "Chennai"]
[Date "07.08.2022"]
[Round "9.9"]
[Board "3"]
[White "Thybo, Jesper Sondergaard"]
[Black "Santos Latasa, Jaime"]
[Result "0-1"]
[WhiteTitle "GM"]
[BlackTitle "GM"]
[WhiteElo "2520"]
[BlackElo "2675"]
[WhiteTeam "Denmark"]
[BlackTeam "Spain"]
[WhiteFideId "1438832"]
[BlackFideId "2293307"]
[EventDate "2022.07.29"]

1. d4 Nf6 2. c4 g6 3. Nc3 d5 4. cxd5 Nxd5 5. e4 Nxc3 6. bxc3 Bg7 7. Qa4+ Nd7 8.
Nf3 O-O 9. Be2 Nb6 10. Qb4 Qd6 11. O-O Be6 12. Rd1 Qxb4 13. cxb4 Na4 14. Bd2
Rfd8 15. Bb5 Nb2 16. Rdc1 c6 17. Bc3 Nc4 18. Ba4 Nd6 19. Nd2 a6 20. a3 Nb5 21.
Bxb5 axb5 22. Nf3 Bc4 23. Ne5 Bb3 24. f3 f6 25. Ng4 f5 26. exf5 gxf5 27. Ne5
Bxe5 28. dxe5 Kf7 29. Be1 Ke6 30. Rc3 Bc4 31. a4 f4 32. a5 Rd5 33. h3 Rxe5 34.
Bf2 Kf5 35. Re1 Rxe1+ 36. Bxe1 Rd8 37. Rc1 e5 38. Bf2 Rd2 39. Bc5 Bd3 40. Bf2
Rb2 41. Rd1 e4 42. fxe4+ Bxe4 43. Rd7 Rxb4 44. Rxb7 Ra4 45. Ra7 b4 46. Rb7 Bd3
47. Be1 Bb5 48. Rf7+ Ke5 49. Rxh7 b3 50. Bc3+ Ke4 51. Rd7 Rc4 52. Bg7 Rc1+ 53.
Kh2 Rc2 54. Rd4+ Kf5 55. Rb4 f3 56. Bd4 Rxg2+ 57. Kh1 Rd2 58. Kg1 b2 0-1

[Event "Olimpiade 2022 - Open"]
[Site "Chennai"]
[Date "07.08.2022"]
[Round "9.9"]
[Board "4"]
[White "Iturrizaga Bonelli, Eduardo"]
[Black "Rasmussen, Allan Stig"]
[Result "1-0"]
[WhiteTitle "GM"]
[BlackTitle "GM"]
[WhiteElo "2619"]
[BlackElo "2550"]
[WhiteTeam "Spain"]
[BlackTeam "Denmark"]
[WhiteFideId "3901211"]
[BlackFideId "1406000"]
[EventDate "2022.07.29"]

1. d4 f5 2. Bf4 Nf6 3. e3 d6 4. Nf3 g6 5. Bc4 Bg7 6. h3 e6 7. g4 Qe7 8. Nc3 Nbd7
9. Bb3 e5 10. Bg5 Nb6 11. a4 a5 12. dxe5 dxe5 13. Nb5 h6 14. Nxe5 hxg5 15. Bf7+
Qxf7 16. Nxf7 Kxf7 17. Nxc7 Bd7 18. Qd6 Nc8 19. Qc5 Rb8 20. O-O-O Rd8 21. gxf5
gxf5 22. Rhg1 Ne4 23. Rxd7+ Rxd7 24. Qxf5+ Nf6 25. Qe6+ Kf8 26. Qe5 Nd6 27. Ne6+
Kg8 28. Rxg5 Rf8 29. Nxg7 1-0

[Event "Olimpiade 2022 - Open"]
[Site "Chennai"]
[Date "07.08.2022"]
[Round "9.10"]
[Board "1"]
[White "Smirnov, Anton"]
[Black "Volokitin, Andrei"]
[Result "1/2-1/2"]
[WhiteTitle "GM"]
[BlackTitle "GM"]
[WhiteElo "2600"]
[BlackElo "2674"]
[WhiteTeam "Australia"]
[BlackTeam "Ukraine"]
[WhiteFideId "3208923"]
[BlackFideId "14107090"]
[EventDate "2022.07.29"]

1. d4 Nf6 2. c4 e6 3. Nc3 Bb4 4. e3 O-O 5. Bd3 d5 6. a3 Bxc3+ 7. bxc3 dxc4 8.
Bxc4 c5 9. Ne2 Qc7 10. Bd3 b6 11. e4 Ba6 12. Bxa6 Nxa6 13. f3 e5 14. Bg5 cxd4
15. Bxf6 gxf6 16. cxd4 exd4 17. Qxd4 Nc5 18. O-O Nb3 19. Qxf6 Nxa1 20. Qg5+ Kh8
21. Qf6+ Kg8 22. Qg5+ Kh8 23. Qf6+ Kg8 1/2-1/2

[Event "Olimpiade 2022 - Open"]
[Site "Chennai"]
[Date "07.08.2022"]
[Round "9.10"]
[Board "2"]
[White "Kuzubov, Yuriy"]
[Black "Kuybokarov, Temur"]
[Result "1-0"]
[WhiteTitle "GM"]
[BlackTitle "GM"]
[WhiteElo "2642"]
[BlackElo "2583"]
[WhiteTeam "Ukraine"]
[BlackTeam "Australia"]
[WhiteFideId "14112906"]
[BlackFideId "14203049"]
[EventDate "2022.07.29"]

1. Nf3 d5 2. d4 Nf6 3. c4 dxc4 4. e3 e6 5. Bxc4 a6 6. O-O Nbd7 7. a4 c5 8. Nc3
cxd4 9. exd4 Be7 10. Bg5 O-O 11. Re1 Nb6 12. Bb3 Nfd5 13. h4 a5 14. Qd3 Nb4 15.
Qe4 Bf6 16. Rad1 N6d5 17. Qg4 Kh8 18. Ne5 Ra6 19. Rc1 Ra8 20. Ne4 Be7 21. Bxe7
Qxe7 22. Ng5 Kg8 23. Qe4 Nf6 24. Qf3 Nc6 25. d5 Nd4 26. Qd3 Nxb3 27. Ng4 Rd8 28.
d6 Rxd6 29. Nxf6+ Qxf6 30. Qxd6 e5 31. Qxe5 Be6 32. Rc3 Qxe5 33. Rxe5 Nd4 34.
Nxe6 Nxe6 35. Rb3 Ra7 36. Rbb5 b6 37. Rxb6 1-0

[Event "Olimpiade 2022 - Open"]
[Site "Chennai"]
[Date "07.08.2022"]
[Round "9.10"]
[Board "3"]
[White "Cheng, Bobby"]
[Black "Shevchenko, Kirill"]
[Result "1/2-1/2"]
[WhiteTitle "GM"]
[BlackTitle "GM"]
[WhiteElo "2540"]
[BlackElo "2654"]
[WhiteTeam "Australia"]
[BlackTeam "Ukraine"]
[WhiteFideId "4300033"]
[BlackFideId "14129574"]
[EventDate "2022.07.29"]

1. d4 Nf6 2. c4 g6 3. Nc3 Bg7 4. e4 d6 5. h3 O-O 6. Be3 Na6 7. g4 e5 8. d5 Nc5
9. f3 a5 10. Qd2 c6 11. Nge2 a4 12. Ng3 h5 13. Rg1 cxd5 14. Nxd5 h4 15. Nf5 Nxd5
16. cxd5 gxf5 17. gxf5 f6 18. Bxc5 dxc5 19. O-O-O Qd6 20. Qh6 Rf7 21. Bb5 Bd7
22. Rg4 Bxb5 23. Rdg1 Qf8 24. Rxh4 Rd7 25. Qh7+ Kf7 26. Rhg4 Ke7 27. Rxg7+ Kd6
28. Rxd7+ Bxd7 29. Rg7 Qd8 30. Rf7 a3 31. Qg7 axb2+ 32. Kxb2 Rxa2+ 33. Kxa2 1/2-1/2

[Event "Olimpiade 2022 - Open"]
[Site "Chennai"]
[Date "07.08.2022"]
[Round "9.10"]
[Board "4"]
[White "Onyshchuk, Volodymyr"]
[Black "Zhao, Zong-Yuan"]
[Result "1/2-1/2"]
[WhiteTitle "GM"]
[BlackTitle "GM"]
[WhiteElo "2612"]
[BlackElo "2513"]
[WhiteTeam "Ukraine"]
[BlackTeam "Australia"]
[WhiteFideId "14114038"]
[BlackFideId "3202534"]
[EventDate "2022.07.29"]

1. Nf3 d5 2. g3 Nf6 3. Bg2 c6 4. O-O Bg4 5. d3 Nbd7 6. Nbd2 e5 7. e4 Be7 8. h3
Bh5 9. exd5 Nxd5 10. g4 Bg6 11. Nc4 Qc7 12. Re1 f6 13. Nh4 O-O-O 14. d4 exd4 15.
Bxd5 cxd5 16. Rxe7 Qxc4 17. Bf4 Ne5 18. Rxg7 Bxc2 19. Qd2 Rd7 20. Rc1 d3 21.
Rxd7 Kxd7 22. b3 Qc5 23. Re1 Re8 24. Bg3 a5 25. Bxe5 fxe5 26. Qh6 Qc3 27. Nf3 e4
28. Qxh7+ Re7 29. Qf5+ Kd6 30. Qf4+ Kd7 31. Qf5+ Kd6 32. Qf4+ Kd7 33. Qf5+ Kd6 1/2-1/2

[Event "Olimpiade 2022 - Open"]
[Site "Chennai"]
[Date "07.08.2022"]
[Round "9.11"]
[Board "1"]
[White "Peralta, Fernando"]
[Black "Adams, Michael"]
[Result "1/2-1/2"]
[WhiteTitle "GM"]
[BlackTitle "GM"]
[WhiteElo "2591"]
[BlackElo "2696"]
[WhiteTeam "Argentina"]
[BlackTeam "England"]
[WhiteFideId "105309"]
[BlackFideId "400041"]
[EventDate "2022.07.29"]

1. d4 Nf6 2. c4 e6 3. Nc3 Bb4 4. e3 O-O 5. Bd3 d5 6. Nf3 c5 7. O-O dxc4 8. Bxc4
Nc6 9. a3 Ba5 10. h3 h6 11. Qd3 Qe7 12. dxc5 Rd8 13. Qc2 Qxc5 14. Ne4 Nxe4 15.
Qxe4 Qf5 16. Qxf5 exf5 17. b4 Bb6 18. Bb2 Be6 19. Bxe6 fxe6 20. Rfd1 a6 21. Kf1
Rxd1+ 22. Rxd1 Rd8 23. Rc1 Rd5 24. Ke2 Kf7 25. Rc4 a5 26. e4 fxe4 27. Rxe4 axb4
28. axb4 Bc7 29. Ne1 Be5 30. Bxe5 Nxe5 1/2-1/2

[Event "Olimpiade 2022 - Open"]
[Site "Chennai"]
[Date "07.08.2022"]
[Round "9.11"]
[Board "2"]
[White "McShane, Luke J"]
[Black "Krysa, Leandro"]
[Result "1-0"]
[WhiteTitle "GM"]
[BlackTitle "GM"]
[WhiteElo "2649"]
[BlackElo "2515"]
[WhiteTeam "England"]
[BlackTeam "Argentina"]
[WhiteFideId "404853"]
[BlackFideId "116807"]
[EventDate "2022.07.29"]

1. e4 c6 2. Nf3 d5 3. d3 Qc7 4. Nbd2 Bg4 5. Be2 e6 6. O-O Nf6 7. c3 Nbd7 8. Re1
Bd6 9. Qc2 O-O-O 10. Nf1 Kb8 11. a4 dxe4 12. dxe4 Bxf3 13. Bxf3 Ne5 14. Be2 h5
15. Bg5 Neg4 16. Bxg4 hxg4 17. g3 Rh5 18. Bxf6 gxf6 19. Qe2 Rg8 20. Rad1 a5 21.
Rd3 Bc5 22. Red1 Qe5 23. Rd8+ Rxd8 24. Rxd8+ Kc7 25. Qd3 Bd6 26. Rg8 Rg5 27. Rh8
Rh5 28. Rxh5 Qxh5 29. Ne3 Bc5 30. Nc4 Qg5 31. Kg2 b6 32. Qe2 Qh5 33. Qd2 e5 34.
Qd3 Qh3+ 35. Kg1 Qh6 36. Nd2 Qg5 37. Nb3 Qh6 38. Qe2 Qg5 39. Qa6 Kd6 40. Qc8 Qh6
41. Qd8+ Ke6 42. Nxc5+ bxc5 43. Qe8+ Kd6 44. Qd8+ Ke6 45. Qe8+ Kd6 46. Qxf7 c4
47. h4 gxh3 48. Kh2 Qd2 49. Qxf6+ Kd7 50. g4 Qe2 51. Qf5+ Kd6 52. g5 Qf1 53. Qf3
Qd3 54. Qf6+ Kc7 55. Qf5 Qf1 56. Qxe5+ Kb6 57. Qg3 c5 58. g6 1-0

[Event "Olimpiade 2022 - Open"]
[Site "Chennai"]
[Date "07.08.2022"]
[Round "9.11"]
[Board "3"]
[White "Tristan, Leonardo"]
[Black "Jones, Gawain C B"]
[Result "0-1"]
[WhiteTitle "GM"]
[BlackTitle "GM"]
[WhiteElo "2558"]
[BlackElo "2652"]
[WhiteTeam "Argentina"]
[BlackTeam "England"]
[WhiteFideId "113816"]
[BlackFideId "409561"]
[EventDate "2022.07.29"]

1. d4 Nf6 2. c4 g6 3. Nc3 Bg7 4. e4 d6 5. Nf3 O-O 6. Be2 e5 7. d5 a5 8. h3 Na6
9. Bg5 Qe8 10. g4 Nd7 11. a3 Nb6 12. Be3 Bd7 13. Qd2 Nc5 14. Bxc5 dxc5 15. Qe3
Qe7 16. Nd2 Na4 17. Nb5 c6 18. dxc6 bxc6 19. Nc3 Nxc3 20. Qxc3 Bh6 21. Nf1 Rfd8
22. h4 Bf4 23. Rd1 Be6 24. Rxd8+ Qxd8 25. Ne3 Qd4 26. Qxd4 cxd4 27. Nc2 Rd8 28.
Bd3 Bxg4 29. O-O f5 30. f3 Bh3 31. Rb1 fxe4 32. fxe4 Bg3 33. b4 Rb8 34. b5 cxb5
35. cxb5 Bxh4 36. b6 Bc8 37. Bc4+ Kg7 38. Bd5 Bb7 39. Rb5 Bxd5 40. exd5 Bg5 41.
a4 d3 42. Na3 d2 43. Rb1 Rc8 44. b7 Rc1+ 45. Kf2 d1=Q 46. Rxc1 Qd2+ 47. Kf3 e4+ 0-1

[Event "Olimpiade 2022 - Open"]
[Site "Chennai"]
[Date "07.08.2022"]
[Round "9.11"]
[Board "4"]
[White "Haria, Ravi"]
[Black "Flores, Diego"]
[Result "1/2-1/2"]
[WhiteTitle "GM"]
[BlackTitle "GM"]
[WhiteElo "2505"]
[BlackElo "2528"]
[WhiteTeam "England"]
[BlackTeam "Argentina"]
[WhiteFideId "415820"]
[BlackFideId "108049"]
[EventDate "2022.07.29"]

1. e4 e5 2. Nf3 Nc6 3. Bc4 Bc5 4. c3 Nf6 5. d3 a6 6. O-O d6 7. a4 Ba7 8. Nbd2 h6
9. Re1 g5 10. b4 Nh5 11. g3 Qf6 12. d4 g4 13. b5 Ne7 14. Nh4 Nf4 15. Bf1 Rg8 16.
Nb3 Nh3+ 17. Bxh3 gxh3 18. Qh5 Be6 19. Rb1 axb5 20. axb5 Bb6 21. Qxh6 Qxh6 22.
Bxh6 Bxb3 23. Rxb3 exd4 24. cxd4 Bxd4 25. Nf3 Bc5 26. Kf1 f6 27. Ng1 Ra4 28. Bd2
Ng6 29. Nxh3 Ne5 30. Re2 Rh8 31. Kg2 Ra2 32. Nf4 Ng4 33. h4 Nxf2 34. Nd5 Kd8 35.
Nxf6 Kc8 36. Rf3 Nd1 37. Kf1 Rf8 38. Bh6 Ra1 39. Re1 Rf7 40. Ke2 Nc3+ 41. Rxc3
Ra2+ 42. Kf3 Rxf6+ 43. Bf4 Bb4 44. Rec1 Bxc3 45. Rxc3 Rb2 46. Kg4 Rg6+ 47. Kf5
Rg8 48. Bxd6 Kd7 49. Bf4 Rxb5+ 50. e5 Rf8+ 51. Kg6 Rb6+ 52. Kg7 Rf5 53. e6+ Kxe6
54. Rxc7 Rb3 55. Kg6 Rf6+ 56. Kg7 Rf5 57. Kg6 Rf6+ 58. Kg7 Rf5 1/2-1/2

[Event "Olimpiade 2022 - Open"]
[Site "Chennai"]
[Date "07.08.2022"]
[Round "9.12"]
[Board "1"]
[White "Moussard, Jules"]
[Black "Quesada Perez, Yasser"]
[Result "1-0"]
[WhiteTitle "GM"]
[BlackTitle "GM"]
[WhiteElo "2672"]
[BlackElo "2568"]
[WhiteTeam "France"]
[BlackTeam "Cuba"]
[WhiteFideId "642908"]
[BlackFideId "3509362"]
[EventDate "2022.07.29"]

1. e4 c5 2. Nf3 Nc6 3. d4 cxd4 4. Nxd4 g6 5. c4 Nf6 6. Nc3 Nxd4 7. Qxd4 d6 8.
Be2 Bg7 9. O-O O-O 10. Qd3 a5 11. Be3 a4 12. f4 Qa5 13. Rad1 Ng4 14. Bxg4 Bxg4
15. Rc1 Bxc3 16. Rxc3 Bd7 17. f5 Bc6 18. Bd4 f6 19. fxg6 Qh5 20. Qd2 hxg6 21.
Rh3 Qg4 22. Rg3 Qh5 23. Qe3 Ra5 24. c5 e5 25. Qc3 Raa8 26. Be3 Bxe4 27. cxd6 Qe2
28. d7 Rad8 29. Qb4 Bd3 30. Re1 Qc2 31. Qe7 Qc7 32. Bh6 Qxd7 33. Bxf8 Qd4+ 34.
Kh1 Rxf8 35. Rd1 Rf7 36. Qe8+ Rf8 37. Qe6+ 1-0

[Event "Olimpiade 2022 - Open"]
[Site "Chennai"]
[Date "07.08.2022"]
[Round "9.12"]
[Board "2"]
[White "Albornoz Cabrera, Carlos Daniel"]
[Black "Cornette, Matthieu"]
[Result "1-0"]
[WhiteTitle "GM"]
[BlackTitle "GM"]
[WhiteElo "2566"]
[BlackElo "2551"]
[WhiteTeam "Cuba"]
[BlackTeam "France"]
[WhiteFideId "3518736"]
[BlackFideId "620084"]
[EventDate "2022.07.29"]

1. Nf3 Nf6 2. c4 e6 3. Nc3 d5 4. d4 Bb4 5. Qa4+ Nc6 6. e3 O-O 7. Qc2 Re8 8. Bd2
Bf8 9. a3 b6 10. cxd5 exd5 11. Bd3 Bb7 12. O-O a6 13. b4 g6 14. Rfc1 Bd6 15. b5
Na5 16. bxa6 Bxa6 17. Nb5 Nc4 18. Bxc4 dxc4 19. a4 Ne4 20. Rab1 Bb7 21. Qxc4 Bd5
22. Qc2 Ng5 23. Nxg5 Qxg5 24. e4 Bxh2+ 25. Kxh2 Qh4+ 26. Kg1 Bxe4 27. Qb3 Bxb1
28. Rxb1 Re2 29. Qf3 Rae8 30. Nxc7 R8e7 31. Bb4 R7e4 32. Nd5 1-0

[Event "Olimpiade 2022 - Open"]
[Site "Chennai"]
[Date "07.08.2022"]
[Round "9.12"]
[Board "3"]
[White "Lagarde, Maxime"]
[Black "Quesada Perez, Luis Ernesto"]
[Result "1-0"]
[WhiteTitle "GM"]
[BlackTitle "GM"]
[WhiteElo "2631"]
[BlackElo "2549"]
[WhiteTeam "France"]
[BlackTeam "Cuba"]
[WhiteFideId "662399"]
[BlackFideId "3520773"]
[EventDate "2022.07.29"]

1. e4 c5 2. Nc3 d6 3. Nge2 Nf6 4. g3 g6 5. Bg2 Nc6 6. d3 Bg7 7. O-O Rb8 8. f4
O-O 9. h3 Nd7 10. g4 b5 11. Ng3 c4 12. dxc4 b4 13. Nce2 Ba6 14. e5 dxe5 15. b3
exf4 16. Bxf4 Qb6+ 17. Kh2 Rbd8 18. Qc1 Bb7 19. Bh6 Bxa1 20. Qxa1 Nce5 21. Bxb7
Qxb7 22. Bxf8 Rxf8 23. Qd4 Rd8 24. Qf4 f6 25. Qe3 Qb6 26. Qxb6 axb6 27. Rd1 Ra8
28. Nc1 Rc8 29. Nd3 Nxd3 30. cxd3 Ra8 31. Rd2 e5 32. Nf1 Kf7 33. Ne3 Ke6 34. Nd5
Kd6 35. Nxb4 f5 36. d4 exd4 37. gxf5 Nf6 38. fxg6 hxg6 39. a4 Re8 40. Nd5 Nd7
41. Rxd4 Re2+ 42. Kg3 Kc5 43. Rf4 Ra2 44. b4+ Kc6 45. Re4 Kd6 46. Nxb6 Nxb6 47.
c5+ Kd7 48. cxb6 Rxa4 49. Rc4 Ra6 50. Rc7+ Kd8 51. Rc6 Ra3+ 52. Kg4 Ra4 53. Rc4 1-0

[Event "Olimpiade 2022 - Open"]
[Site "Chennai"]
[Date "07.08.2022"]
[Round "9.12"]
[Board "4"]
[White "Almeida Quintana, Omar"]
[Black "Maurizzi, Marc'Andria"]
[Result "1/2-1/2"]
[WhiteTitle "GM"]
[BlackTitle "GM"]
[WhiteElo "2523"]
[BlackElo "2506"]
[WhiteTeam "Cuba"]
[BlackTeam "France"]
[WhiteFideId "3503313"]
[BlackFideId "36083534"]
[EventDate "2022.07.29"]

1. d4 Nf6 2. Nf3 c5 3. d5 b5 4. a4 b4 5. Bg5 g6 6. Bxf6 exf6 7. e4 Bg7 8. c3 O-O
9. Bd3 f5 10. exf5 Re8+ 11. Kf1 d6 12. fxg6 hxg6 13. h4 Bg4 14. Qc2 Bxf3 15.
gxf3 Qf6 16. Kg2 Nd7 17. Bb5 Ne5 18. Nd2 Re7 19. Rh3 bxc3 20. bxc3 c4 21. Nxc4
Nxc4 22. Bxc4 Rc8 23. Bb5 Rxc3 24. Qd1 Bh6 25. Rb1 Qf5 26. Rh1 Re5 27. Rb3 Rc5
28. Qd3 Qf6 29. Bc6 a5 30. Rb5 Rc1 31. Rb8+ Kh7 32. Rxc1 Bxc1 33. Re8 Rh5 34.
Qe4 Rf5 35. Bd7 Rf4 36. Qe7 Rxf3 37. Qxf6 Rxf6 38. Re4 1/2-1/2

[Event "Olimpiade 2022 - Open"]
[Site "Chennai"]
[Date "07.08.2022"]
[Round "9.13"]
[Board "1"]
[White "Navara, David"]
[Black "Henriquez Villagra, Cristobal"]
[Result "1-0"]
[WhiteTitle "GM"]
[BlackTitle "GM"]
[WhiteElo "2688"]
[BlackElo "2620"]
[WhiteTeam "Czech Republic"]
[BlackTeam "Chile"]
[WhiteFideId "309095"]
[BlackFideId "3409350"]
[EventDate "2022.07.29"]

1. e4 c5 2. Nf3 d6 3. d4 cxd4 4. Nxd4 Nf6 5. Nc3 Nc6 6. Bg5 e6 7. Qd2 a6 8.
O-O-O Bd7 9. f3 Nxd4 10. Qxd4 Be7 11. Be3 h5 12. Kb1 Rc8 13. Be2 Qc7 14. Bg5 b5
15. a3 Qc5 16. h4 Bc6 17. Rd2 Qxd4 18. Rxd4 d5 19. a4 Bc5 20. Rdd1 dxe4 21. axb5
axb5 22. Bxb5 exf3 23. gxf3 Bb4 24. Rd3 Bxb5 25. Nxb5 Nd5 26. c3 Be7 27. Re1
Bxg5 28. Nd6+ Kd7 29. Nxc8 Bxh4 30. Re4 Kxc8 31. Rxh4 g5 32. Ra4 Rh7 33. c4 Nc7
34. Kc2 f5 35. b4 h4 36. b5 h3 37. b6 h2 38. Ra7 h1=Q 39. b7+ Kb8 40. Rd8+ Kxa7
41. b8=Q+ Ka6 42. Rd6+ Ka5 43. Qb6+ 1-0

[Event "Olimpiade 2022 - Open"]
[Site "Chennai"]
[Date "07.08.2022"]
[Round "9.13"]
[Board "2"]
[White "Morovic Fernandez, Ivan"]
[Black "Nguyen, Thai Dai Van"]
[Result "0-1"]
[WhiteTitle "GM"]
[BlackTitle "GM"]
[WhiteElo "2489"]
[BlackElo "2629"]
[WhiteTeam "Chile"]
[BlackTeam "Czech Republic"]
[WhiteFideId "3405400"]
[BlackFideId "358878"]
[EventDate "2022.07.29"]

1. d4 Nf6 2. c4 e6 3. Nc3 Bb4 4. e3 O-O 5. Bd2 c5 6. a3 Bxc3 7. Bxc3 Ne4 8. Ne2
b6 9. d5 Bb7 10. f3 Nxc3 11. Nxc3 exd5 12. cxd5 d6 13. e4 Nd7 14. Be2 f5 15.
exf5 Rxf5 16. O-O Qe7 17. Qd2 Raf8 18. f4 g5 19. fxg5 Qxg5 20. Qxg5+ Rxg5 21.
Bf3 Ba6 22. Rf2 Ne5 23. Be4 Rxf2 24. Kxf2 Ng4+ 25. Kg1 Bc4 26. Rd1 Bb3 27. Rd2
Re5 28. h3 Nf6 29. Bf3 a6 30. a4 Kf7 31. Kf2 Ke7 32. Re2 Rxe2+ 33. Bxe2 Nxd5 34.
Nxd5+ Bxd5 35. Bxa6 Bb3 36. Bb5 Kf6 37. Ke3 Ke5 38. Kd3 Kf4 39. Bc6 Bf7 40. Kc3
d5 41. b4 cxb4+ 42. Kxb4 d4 43. Bf3 d3 0-1

[Event "Olimpiade 2022 - Open"]
[Site "Chennai"]
[Date "07.08.2022"]
[Round "9.13"]
[Board "3"]
[White "Hracek, Zbynek"]
[Black "Salinas Herrera, Pablo"]
[Result "1/2-1/2"]
[WhiteTitle "GM"]
[BlackTitle "GM"]
[WhiteElo "2555"]
[BlackElo "2526"]
[WhiteTeam "Czech Republic"]
[BlackTeam "Chile"]
[WhiteFideId "300071"]
[BlackFideId "3407128"]
[EventDate "2022.07.29"]

1. e4 e5 2. Nf3 Nc6 3. Bb5 a6 4. Ba4 Nf6 5. O-O d6 6. Re1 Bd7 7. c3 g6 8. d4 Bg7
9. Nbd2 O-O 10. h3 Re8 11. Bc2 a5 12. Nf1 a4 13. Ng3 b5 14. Be3 Qe7 15. Qd2 Na5
16. b3 c5 17. Bg5 cxd4 18. cxd4 Rec8 19. Rab1 axb3 20. axb3 b4 21. d5 Qd8 22.
Bd3 Rc3 23. Qd1 Qb8 24. Bf1 Rc8 25. Bd2 Qb6 26. Be3 Qb8 27. Nd2 Be8 28. Nc4 Nd7
29. Ra1 Nxc4 30. Bxc4 Nc5 31. Qd2 Qb6 32. Ra2 Ra5 33. Rea1 Rca8 34. Ne2 f5 35.
Rxa5 Rxa5 36. Rxa5 Qxa5 37. Bxc5 Qxc5 38. exf5 gxf5 39. Ng3 Bg6 40. Qg5 Qc8 41.
h4 Qf8 1/2-1/2

[Event "Olimpiade 2022 - Open"]
[Site "Chennai"]
[Date "07.08.2022"]
[Round "9.13"]
[Board "4"]
[White "Lopez Silva, Hugo"]
[Black "Zwardon, Vojtech"]
[Result "0-1"]
[BlackTitle "IM"]
[WhiteElo "2403"]
[BlackElo "2503"]
[WhiteTeam "Chile"]
[BlackTeam "Czech Republic"]
[WhiteFideId "3403874"]
[BlackFideId "325511"]
[EventDate "2022.07.29"]

1. e4 c5 2. Nf3 d6 3. d4 cxd4 4. Nxd4 Nf6 5. Nc3 g6 6. Be3 Bg7 7. f3 O-O 8. Qd2
Nc6 9. O-O-O d5 10. Qe1 e5 11. Nxc6 bxc6 12. exd5 Nxd5 13. Bc4 Be6 14. Ne4 Qb8
15. Bc5 Rd8 16. g4 Nf4 17. Qc3 Qb7 18. g5 Rab8 19. b3 Nd5 20. Qa5 Bh3 21. Rd2 h6
22. Rhd1 hxg5 23. Ba6 Qa8 24. c4 g4 25. cxd5 cxd5 26. Nf2 Bg2 27. Nxg4 Bxf3 28.
Rg1 Bxg4 29. Rxg4 Bh6 30. Kb2 Bxd2 31. Qxd2 Qc6 32. Qa5 Rd7 33. Be2 Rc7 34. Be3
Qc2+ 35. Ka3 Rc3 36. Rxg6+ Kh7 37. Rh6+ Kg7 38. Qxd5 Rxe3 39. Bc4 Kxh6 40. Qxf7
Qg6 41. Qxa7 Qd6+ 0-1

[Event "Olimpiade 2022 - Open"]
[Site "Chennai"]
[Date "07.08.2022"]
[Round "9.14"]
[Board "1"]
[White "Erdos, Viktor"]
[Black "Sebenik, Matej"]
[Result "1-0"]
[WhiteTitle "GM"]
[BlackTitle "GM"]
[WhiteElo "2586"]
[BlackElo "2512"]
[WhiteTeam "Hungary"]
[BlackTeam "Slovenia"]
[WhiteFideId "719978"]
[BlackFideId "14602296"]
[EventDate "2022.07.29"]

1. e4 c5 2. Nf3 d6 3. d4 cxd4 4. Qxd4 Nc6 5. Qe3 g6 6. Be2 Bg7 7. O-O Nf6 8. Nc3
O-O 9. Rd1 Be6 10. Nd5 Rc8 11. c3 Ng4 12. Qf4 h6 13. Qg3 Nge5 14. Ne1 Nb8 15.
Qh4 g5 16. Qg3 Ng6 17. Nd3 Rc4 18. f3 Nd7 19. Ne3 Rc8 20. Nf5 Bxf5 21. exf5 Nh4
22. Qh3 Qa5 23. f4 Nxf5 24. fxg5 hxg5 25. Bg4 e6 26. Bxg5 Nf6 27. Bxf5 Qxf5 28.
Qxf5 exf5 29. Bxf6 Bxf6 30. Rf1 Be5 31. Rxf5 f6 32. Raf1 Kg7 33. g4 Rc4 34. h3
Rh8 35. Kg2 Re4 36. Nxe5 Re2+ 37. Kg3 fxe5 38. Rf7+ Kg6 39. R1f6+ 1-0

[Event "Olimpiade 2022 - Open"]
[Site "Chennai"]
[Date "07.08.2022"]
[Round "9.14"]
[Board "2"]
[White "Subelj, Jan"]
[Black "Berkes, Ferenc"]
[Result "1/2-1/2"]
[WhiteTitle "IM"]
[BlackTitle "GM"]
[WhiteElo "2498"]
[BlackElo "2649"]
[WhiteTeam "Slovenia"]
[BlackTeam "Hungary"]
[WhiteFideId "14618583"]
[BlackFideId "718572"]
[EventDate "2022.07.29"]

1. e4 e5 2. Nf3 Nc6 3. Bb5 a6 4. Ba4 Nf6 5. O-O Be7 6. Re1 b5 7. Bb3 O-O 8. a4
Bb7 9. d3 d6 10. Nc3 Nd4 11. Nxd4 exd4 12. Nd5 Nxd5 13. Bxd5 Bxd5 14. exd5 Qd7
15. b3 Bf6 16. Qf3 Rfe8 17. Bd2 Rxe1+ 18. Bxe1 Re8 19. Bd2 Qd8 20. g3 Bg5 21.
Bxg5 Qxg5 22. axb5 axb5 23. Qe4 Qe5 24. Ra7 Qxe4 25. dxe4 Kf8 26. f3 f5 27. exf5
Re3 28. Rxc7 Rxf3 29. f6 gxf6 30. Rxh7 d3 31. cxd3 Rxd3 32. Kf2 Rxb3 33. Rd7 Rd3
34. Rxd6 Ke7 35. Re6+ Kf7 1/2-1/2

[Event "Olimpiade 2022 - Open"]
[Site "Chennai"]
[Date "07.08.2022"]
[Round "9.14"]
[Board "3"]
[White "Banusz, Tamas"]
[Black "Borisek, Jure"]
[Result "1-0"]
[WhiteTitle "GM"]
[BlackTitle "GM"]
[WhiteElo "2611"]
[BlackElo "2577"]
[WhiteTeam "Hungary"]
[BlackTeam "Slovenia"]
[WhiteFideId "722413"]
[BlackFideId "14603152"]
[EventDate "2022.07.29"]

1. Nf3 d5 2. g3 Nc6 3. d4 Bf5 4. Bg2 e6 5. O-O Nb4 6. Na3 Be7 7. c3 Nc6 8. Qa4
Nf6 9. Ne5 O-O 10. Nxc6 bxc6 11. Qxc6 h5 12. c4 Rb8 13. c5 Qd7 14. Qxd7 Nxd7 15.
e4 dxe4 16. Nc4 Rb4 17. b3 Nb8 18. Bd2 Rb5 19. Na5 Bg5 20. Bxg5 Rxa5 21. a4 Nc6
22. b4 Nxb4 23. Bd2 Nc6 24. Bxa5 Nxa5 25. Rfe1 Rd8 26. Bxe4 Nb3 27. Ra3 Bxe4 28.
Rxb3 Rxd4 29. Rb8+ Kh7 30. Rc8 Rxa4 31. Rxc7 Rc4 32. Rxf7 Bd5 33. Rxa7 Rxc5 34.
f4 Kh6 35. Re5 g6 36. Kf2 Rc4 37. h4 Rc3 38. Re3 Rc2+ 39. Ke1 Rc8 40. Re7 1-0

[Event "Olimpiade 2022 - Open"]
[Site "Chennai"]
[Date "07.08.2022"]
[Round "9.14"]
[Board "4"]
[White "Dobrovoljc, Vid"]
[Black "Acs, Peter"]
[Result "1/2-1/2"]
[WhiteTitle "FM"]
[BlackTitle "GM"]
[WhiteElo "2398"]
[BlackElo "2575"]
[WhiteTeam "Slovenia"]
[BlackTeam "Hungary"]
[WhiteFideId "14609843"]
[BlackFideId "708020"]
[EventDate "2022.07.29"]

1. e4 c5 2. Nf3 d6 3. Bb5+ Bd7 4. c4 Nc6 5. d4 cxd4 6. Nxd4 g6 7. O-O Bg7 8.
Bxc6 Bxc6 9. Nc3 Nf6 10. Re1 O-O 11. b3 a5 12. Rb1 Nd7 13. Be3 Nc5 14. Qc2 Bd7
15. Rbd1 Rc8 16. h3 Re8 17. a4 Na6 18. Qd2 Nc5 19. Qc2 Na6 20. Qd2 Nc5 1/2-1/2